000 02866cam a2200409 i 4500
001 22939645
005 20250312122055.0
008 230125s2024 enk b 001 0 eng
010 _a 2023003301
020 _a9781350355194
_q(hardback)
020 _a9781350355187
_q(paperback)
020 _z9781350355217
_q(epub)
020 _z9781350355200
_q(pdf)
040 _aDLC
_beng
_erda
_cDLC
042 _apcc
043 _ae-uk-en
050 0 0 _aKD1554
_b.M39 2023
082 0 0 _a346.4202
_bMCK
100 1 _aMcKendrick, Ewan,
_eauthor.
_9128220
245 1 0 _aContract law /
_cEwan McKendrick QC (Hon), Professor of Anglo-American Private Law in the University of Leiden, Emeritus Professor of English Private Law in the University of Oxford, Emeritus Fellow of Lady Margaret Hall .
250 _aFifteenth edition.
264 1 _aOxford ;
_aNew York :
_bHart Publishing Bloomsbury Publishing Plc,
_c2023.
300 _axlii, 487 pages ;
_c25 cm
336 _atext
_btxt
_2rdacontent
337 _aunmediated
_bn
_2rdamedia
338 _avolume
_bnc
_2rdacarrier
490 0 _aHart law masters
504 _aIncludes bibliographical references (pages 476-482) and index.
505 0 _aAgreement : clearing the ground -- Offer and acceptance -- Certainty and agreement mistakes -- Consideration and form -- Intention to create legal relations --Third part rights -- What is a term? -- The sources of contractual terms -- The classification of contractual terms -- Exclusion clauses -- A duty to disclose material facts? -- Misrepresentation --Common mistake and frustration -- Illegality -- Capacity -- Duress, undue influence, and inequality of bargaining power -- Unfair terms in consumer contracts -- Performance and discharge of the contract -- Breach of contract -- Damages for breach of contract -- Obtaining an adequate remedy.
520 _a"Contract Law is a bestselling core textbook written by the leading expert in the field. Its comprehensive coverage and incisive analysis gives students the edge in coursework and exams. Unrivalled for its clarity of explanation, it expertly inks contractual judicial legal theory, practice to practical contractual issues to provide students with a deep understand of contract law. Fully updated with the latest developments in the law, it makes an idea core text for students at undergraduate and postgraduate level"--
_cProvided by publisher.
650 0 _aContracts
_zEngland.
655 7 _aCasebooks (Law)
_2lcgft
_983443
776 0 8 _iOnline version:
_aMcKendrick, Ewan.
_tContract law
_bFifteenth Edition.
_dOxford ; New York : Hart Publishing Bloomsbury Publishing Plc, 2024
_z9781350355217
_w(DLC) 2023003302
906 _a7
_bcbc
_corignew
_d1
_eecip
_f20
_gy-gencatlg
942 _2ddc
_cBK
999 _c613264
_d613264